[Event "DEM U12 2005"]
[Site "Willingen GER"]
[Date "2005.05.18"]
[Round "7"]
[White "Hartmann, Nicolas"]
[Black "Lobmeyer, Fabian"]
[Result "0-1"]
[Termination "normal"]
[Board "12"]
[WhiteElo "1474"]
[BlackElo "1616"]
[PlyCount "56"]
[WhiteFideId "24626481"]
[BlackFideId "24659681"]
[EventCountry "GER"]
[EventRounds "11"]
[EventType "swiss"]
[EventDate "2005.05.15"]

1. e4 c5 2. Nf3 e6 3. Nc3 Nc6 4. d4 cxd4 5. Nxd4 Qc7 6. Be3 Nf6 7. Bd3 Bb4 8.
O-O a6 9. Kh1 Nxd4 10. Bxd4 e5 11. Be3 Bxc3 12. bxc3 Qxc3 13. Bg5 Qc6 14. f4
O-O 15. fxe5 Nxe4 16. Qg4 d5 17. Qh4 Nxg5 18. Qxg5 Be6 19. Rf6 Rfc8 20. Rh6 g6
21. Qh4 Qc3 22. Rf1 Qxe5 23. Rxh7 Bf5 24. Bxf5 gxf5 25. Rh5 Rxc2 26. Rhxf5 Qxf5
27. Qg3+ Qg6 28. Qf3 Rd8 0-1

[Event "DEM U12 2005"]
[Site "Willingen GER"]
[Date "2005.05.18"]
[Round "7"]
[White "Stahnecker, Wieland"]
[Black "Lingl, Xenia"]
[Result "1/2-1/2"]
[Termination "normal"]
[Board "13"]
[WhiteElo "1576"]
[BlackElo "1363"]
[PlyCount "37"]
[WhiteFideId "4694481"]
[EventCountry "GER"]
[EventRounds "11"]
[EventType "swiss"]
[EventDate "2005.05.15"]

1. e4 e5 2. Nf3 Nc6 3. Bb5 a6 4. Ba4 d6 5. O-O g6 6. c3 Bg7 7. h3 Nge7 8. d4
Bd7 9. Be3 O-O 10. Re1 h6 11. Nbd2 Kh7 12. Nf1 f5 13. exf5 Nxf5 14. d5 Nce7 15.
Bc2 Nxe3 16. Nxe3 Nf5 17. Nxf5 Bxf5 18. Bxf5 Rxf5 19. Qc2 1/2-1/2

[Event "DEM U12 2005"]
[Site "Willingen GER"]
[Date "2005.05.18"]
[Round "7"]
[White "Bochis, Julia"]
[Black "Hager, Joshua Aarash"]
[Result "0-1"]
[Termination "normal"]
[Board "14"]
[WhiteElo "1461"]
[BlackElo "1632"]
[PlyCount "74"]
[WhiteFideId "24647276"]
[BlackFideId "24642789"]
[EventCountry "GER"]
[EventRounds "11"]
[EventType "swiss"]
[EventDate "2005.05.15"]

1. Nf3 c5 2. c4 Nf6 3. g3 e6 4. Bg2 Nc6 5. b3 b6 6. Bb2 Bb7 7. O-O Be7 8. d3
O-O 9. Nbd2 Qc7 10. Rc1 Rac8 11. Qc2 d5 12. Qb1 Qb8 13. Qa1 Qa8 14. cxd5 exd5
15. d4 Rfd8 16. Rfd1 Nb8 17. Nh4 Nbd7 18. Nf5 Bf8 19. Nf3 a6 20. Ne3 Ne4 21.
Bh3 Rc7 22. Nd2 Nxd2 23. Rxd2 a5 24. a4 Nb8 25. Nf5 Bc8 26. Kg2 c4 27. Qa2 Na6
28. Ba3 c3 29. Rd3 Nb4 30. Bxb4 axb4 31. Qc2 g6 32. Ne3 Ba6 33. Rdd1 Bh6 34.
Rf1 Re7 35. Rce1 f5 36. Nd1 Bd2 37. e3 Qc6 0-1

[Event "DEM U12 2005"]
[Site "Willingen GER"]
[Date "2005.05.18"]
[Round "7"]
[White "Günnigmann, Manuel"]
[Black "Hubbuch, Fabian"]
[Result "1/2-1/2"]
[Termination "normal"]
[Board "15"]
[WhiteElo "1625"]
[BlackElo "1452"]
[PlyCount "142"]
[WhiteFideId "24640360"]
[EventCountry "GER"]
[EventRounds "11"]
[EventType "swiss"]
[EventDate "2005.05.15"]

1. e4 e5 2. Bc4 Nf6 3. d3 Nc6 4. Nf3 Bc5 5. c3 d6 6. O-O O-O 7. Bb3 a6 8. Re1
Be6 9. Bc2 Ne7 10. Nbd2 h6 11. Nf1 Ng6 12. d4 Ba7 13. h3 Bd7 14. Ng3 Re8 15. d5
Rc8 16. Be3 Bxe3 17. Rxe3 c6 18. c4 c5 19. Kh2 Nf4 20. Ne2 N6h5 21. Nfg1 Qf6
22. g3 Ng6 23. Rf3 Qg5 24. Nc3 Nf6 25. Rd3 Qh5 26. Qxh5 Nxh5 27. Na4 Bxa4 28.
Bxa4 Re7 29. f3 Nf6 30. a3 Nd7 31. Rc3 Nb6 32. Bc2 a5 33. b3 Ra8 34. Rb1 Nc8
35. b4 axb4 36. axb4 cxb4 37. Rxb4 b6 38. Ra4 Rea7 39. Rca3 Rxa4 40. Rxa4 Rxa4
41. Bxa4 Nge7 42. f4 f6 43. Nf3 Kf7 44. fxe5 fxe5 45. Kg2 Ng6 46. Nd2 Ke7 47.
Kf3 Kf6 48. Nb1 Nge7 49. Nc3 Na7 50. Bd7 g5 51. Kg4 Kg6 52. Be8+ Kg7 53. Kh5
Ng8 54. Kg4 Nf6+ 55. Kf5 Nxe8 56. Ke6 Kf8 57. g4 Nc8 58. Na4 Kg7 59. Kd7 Nf6+
60. Kxc8 Nxe4 61. Nxb6 Nf2 62. c5 Ne4 63. cxd6 Nxd6+ 64. Kd7 e4 65. Na4 e3 66.
Nc3 Ne4 67. Ne2 Kf7 68. Kc6 Ke7 69. Kb5 Kd6 70. Kc4 Nf2 71. Kd4 Nxh3 1/2-1/2

[Event "DEM U12 2005"]
[Site "Willingen GER"]
[Date "2005.05.18"]
[Round "7"]
[White "Kartsev, Alexandr"]
[Black "Schiffner, Kevin"]
[Result "1-0"]
[Termination "normal"]
[Board "16"]
[WhiteElo "1600"]
[BlackElo "1429"]
[PlyCount "157"]
[WhiteFideId "24647110"]
[BlackFideId "24674940"]
[EventCountry "GER"]
[EventRounds "11"]
[EventType "swiss"]
[EventDate "2005.05.15"]

1. d4 Nf6 2. Bg5 d5 3. Bxf6 gxf6 4. Nf3 Nc6 5. e3 a6 6. c4 dxc4 7. Bxc4 e6 8.
Nbd2 Be7 9. Rc1 Bd7 10. Qc2 Rc8 11. O-O b5 12. Be2 Nb4 13. Qb1 c5 14. dxc5 Rxc5
15. Rxc5 Bxc5 16. Ne4 Be7 17. a3 Nd5 18. Rc1 f5 19. Nc5 Bxc5 20. Rxc5 Qb6 21.
b4 Qd6 22. Qb2 O-O 23. Qd4 Qe7 24. e4 fxe4 25. Qxe4 Qf6 26. Bf1 Qf4 27. Qxf4
Nxf4 28. Ne5 Bc8 29. g3 Nd5 30. Bg2 Bb7 31. Nd7 Rd8 32. Nf6+ Kg7 33. Nxd5 exd5
34. f4 Rd7 35. Kf2 Kf6 36. Ke2 h5 37. h4 Ke6 38. Kd3 f6 39. Kd4 f5 40. Rc3 Kd6
41. Re3 Rg7 42. Bf1 Bc8 43. Be2 Rh7 44. Re8 Bb7 45. Kd3 Rg7 46. Re3 Rh7 47. Bf3
d4 48. Kxd4 Bxf3 49. Rxf3 Rg7 50. Kc3 Rc7+ 51. Kb3 Kd5 52. Kb2 Ke4 53. Rb3 Rd7
54. Kc2 Rd4 55. Rc3 Kd5 56. Rc5+ Ke4 57. Re5+ Kf3 58. Rxf5 Kxg3 59. Rxh5 Rxf4
60. Rh6 Rf2+ 61. Kd1 Ra2 62. Rxa6 Kxh4 63. Ra5 Kg4 64. Kc1 Kf4 65. Kb1 Re2 66.
Rxb5 Re1+ 67. Kb2 Ke4 68. Rb8 Kd4 69. Rc8 Re2+ 70. Kb3 Re7 71. b5 Rb7 72. Kb4
Kd5 73. a4 Kd6 74. a5 Rc7 75. Rxc7 Kxc7 76. Kc5 Kb7 77. b6 Ka8 78. Kc6 Kb8 79.
b7 1-0

[Event "DEM U12 2005"]
[Site "Willingen GER"]
[Date "2005.05.18"]
[Round "7"]
[White "Kreutzer, Alexander"]
[Black "Grünter, Martin"]
[Result "0-1"]
[Termination "normal"]
[Board "17"]
[WhiteElo "1442"]
[BlackElo "1574"]
[PlyCount "106"]
[WhiteFideId "24670685"]
[BlackFideId "24640352"]
[EventCountry "GER"]
[EventRounds "11"]
[EventType "swiss"]
[EventDate "2005.05.15"]

1. d4 Nf6 2. c4 e6 3. Nc3 Bb4 4. Bg5 c5 5. e3 Nc6 6. Nf3 Qa5 7. Rc1 Ne4 8. Bf4
Nxc3 9. bxc3 Bxc3+ 10. Nd2 cxd4 11. exd4 Bxd4 12. Bd3 Qxa2 13. O-O O-O 14. Nf3
f5 15. Nxd4 Nxd4 16. Qh5 Qa5 17. Qg5 Qd8 18. Qg3 Qf6 19. Be5 Qg6 20. Qxg6 hxg6
21. Bxd4 b6 22. Rfe1 Ba6 23. Re3 Rfc8 24. Be2 Rc7 25. Be5 Rc5 26. Bd6 Ra5 27.
h3 Ra4 28. Rg3 Kf7 29. Rgc3 Rc8 30. g4 Rc6 31. Bb8 d5 32. cxd5 Rxc3 33. Rxc3
Bxe2 34. dxe6+ Kxe6 35. gxf5+ gxf5 36. Rc7 g6 37. Bxa7 b5 38. Be3 b4 39. Rc6+
Kf7 40. Rc7+ Ke8 41. Bc5 Bd1 42. Re7+ Kd8 43. Re3 Bc2 44. Bd4 b3 45. Bc3 Ra2
46. Rg3 b2 47. Bxb2 Rxb2 48. Rxg6 Rb4 49. Kg2 Be4+ 50. Kf1 Rb3 51. Rh6 Ke7 52.
Kg1 f4 53. Rh4 Rb1+ 0-1

[Event "DEM U12 2005"]
[Site "Willingen GER"]
[Date "2005.05.18"]
[Round "7"]
[White "Weissbeck, Simon"]
[Black "Kusmierek, Kasper"]
[Result "0-1"]
[Termination "normal"]
[Board "18"]
[WhiteElo "1439"]
[BlackElo "1543"]
[PlyCount "44"]
[WhiteFideId "24646865"]
[EventCountry "GER"]
[EventRounds "11"]
[EventType "swiss"]
[EventDate "2005.05.15"]

1. e4 e6 2. d4 d5 3. e5 c5 4. c3 Qb6 5. Nf3 Nc6 6. a3 Nh6 7. Bd3 cxd4 8. cxd4
Nf5 9. Bxf5 exf5 10. O-O h6 11. Nc3 Be6 12. Rb1 a5 13. Be3 Be7 14. Qd2 f6 15.
Rfc1 g5 16. Qd3 f4 17. Bd2 g4 18. Ne1 Nxd4 19. Bxf4 Bf5 20. Nxd5 Bxd3 21. Nxb6
Bxb1 22. Nxa8 Ne2+ 0-1

[Event "DEM U12 2005"]
[Site "Willingen GER"]
[Date "2005.05.18"]
[Round "7"]
[White "Meyer, Stephan"]
[Black "Sancar, Kenan"]
[Result "0-1"]
[Termination "normal"]
[Board "19"]
[WhiteElo "1395"]
[BlackElo "1517"]
[PlyCount "112"]
[BlackFideId "24647543"]
[EventCountry "GER"]
[EventRounds "11"]
[EventType "swiss"]
[EventDate "2005.05.15"]

1. e4 d5 2. exd5 Qxd5 3. Nc3 Qd6 4. d4 Nf6 5. Nf3 Nc6 6. Nb5 Qd8 7. c4 a6 8.
Nc3 Bf5 9. Be3 e6 10. Be2 Be7 11. O-O O-O 12. Qd2 Qd7 13. Rfd1 Rad8 14. Rac1 b6
15. Kh1 Na5 16. b3 Ba3 17. Ra1 Nb7 18. Ne5 Qc8 19. Nc6 Rd7 20. b4 Nd8 21. Nxd8
Bxb4 22. Qb2 Bxc3 23. Qxc3 Rfxd8 24. c5 Nd5 25. Qa3 Nxe3 26. Bxa6 Qa8 27. fxe3
bxc5 28. Qa4 cxd4 29. Rxd4 Rxd4 30. exd4 Rd6 31. Bb5 Qxa4 32. Bxa4 Rxd4 33. Bb3
Be4 34. a4 Rb4 35. Bd1 Rb1 36. Rxb1 Bxb1 37. a5 Bd3 38. Kg1 Ba6 39. Kf2 Kf8 40.
Be2 Bb7 41. Bf3 c6 42. a6 Bxa6 43. Bxc6 Ke7 44. g4 Kd6 45. Bf3 h6 46. h4 f6 47.
h5 e5 48. Ke3 Ke6 49. Be4 Bc4 50. Bf5+ Kd6 51. Be4 Bd5 52. Bf5 Be6 53. Ke4
Bxf5+ 54. gxf5 Kc5 55. Ke3 Kd5 56. Kd3 e4+ 0-1

[Event "DEM U12 2005"]
[Site "Willingen GER"]
[Date "2005.05.18"]
[Round "7"]
[White "Braun, Georg"]
[Black "Dürre, Gregor"]
[Result "1-0"]
[Termination "normal"]
[Board "20"]
[WhiteElo "1493"]
[BlackElo "1319"]
[PlyCount "47"]
[WhiteFideId "24629383"]
[EventCountry "GER"]
[EventRounds "11"]
[EventType "swiss"]
[EventDate "2005.05.15"]

1. e4 c5 2. Nf3 Nc6 3. d4 cxd4 4. Nxd4 Nf6 5. Nc3 e5 6. Ndb5 d6 7. Bg5 a6 8.
Na3 b5 9. Nd5 Be7 10. Bxf6 gxf6 11. c3 f5 12. exf5 Bxf5 13. Nc2 O-O 14. Nce3
Bg6 15. Bd3 Bg5 16. Bxg6 fxg6 17. O-O Bf4 18. Nxf4 exf4 19. Qd5+ Kh8 20. Qxc6
fxe3 21. fxe3 Re8 22. Rfe1 Qg5 23. Qxd6 Rxe3 24. Qd4+ 1-0

[Event "DEM U12 2005"]
[Site "Willingen GER"]
[Date "2005.05.18"]
[Round "7"]
[White "Cornish, Alexander"]
[Black "Fittkau, Nico"]
[Result "0-1"]
[Termination "normal"]
[Board "21"]
[WhiteElo "1466"]
[BlackElo "1369"]
[PlyCount "114"]
[EventCountry "GER"]
[EventRounds "11"]
[EventType "swiss"]
[EventDate "2005.05.15"]

1. d4 Nf6 2. c4 e6 3. g3 c5 4. d5 d6 5. Nc3 exd5 6. Nxd5 Nxd5 7. Qxd5 Nc6 8. e3
Be6 9. Qd1 Be7 10. Nh3 Ne5 11. f4 Bg4 12. Qa4+ Nc6 13. Bg2 Qa5+ 14. Qxa5 Nxa5
15. Nf2 Be6 16. b3 Bf6 17. Rb1 O-O-O 18. Bd2 Nc6 19. O-O d5 20. cxd5 Bxd5 21.
e4 Be6 22. Be3 Bd4 23. Bxd4 cxd4 24. Rbc1 Kb8 25. Rfd1 g6 26. Nd3 Rc8 27. h3
Rhd8 28. Nc5 Rc7 29. Nxe6 fxe6 30. e5 Nb4 31. Rxc7 Kxc7 32. a3 Nc6 33. b4 Ne7
34. g4 Kb6 35. Kf2 Nc6 36. Kf3 Kb5 37. Bf1+ Ka4 38. Rd3 Nxb4 39. axb4 Kxb4 40.
Ke2 a5 41. Kd2 b5 42. Kc2 Kc5 43. Kb2 b4 44. Be2 Kd5 45. Bf3+ Kc4 46. Be4 Rf8
47. Rf3 a4 48. f5 gxf5 49. gxf5 exf5 50. Bxf5 Re8 51. e6 b3 52. Bxh7 Kb4 53.
Bf5 a3+ 54. Ka1 Rc8 55. Rf1 b2+ 56. Kb1 Rc5 57. Re1 Kb3 0-1

[Event "DEM U12 2005"]
[Site "Willingen GER"]
[Date "2005.05.18"]
[Round "7"]
[White "Wilke, Friedrich"]
[Black "Jussupow, Alexander"]
[Result "1/2-1/2"]
[Termination "normal"]
[Board "22"]
[WhiteElo "1458"]
[BlackElo "1943"]
[PlyCount "53"]
[BlackFideId "24613509"]
[EventCountry "GER"]
[EventRounds "11"]
[EventType "swiss"]
[EventDate "2005.05.15"]

1. c4 e6 2. Nc3 d5 3. cxd5 exd5 4. d4 Nf6 5. Nf3 Be7 6. Bf4 O-O 7. g3 a6 8. Bg2
c5 9. dxc5 Bxc5 10. Nd4 Nc6 11. Nb3 Bb4 12. O-O Bxc3 13. bxc3 Be6 14. Qc2 Qe7
15. Rfd1 Rfd8 16. Rd2 Rac8 17. Qb2 Ne4 18. Bxe4 dxe4 19. Rad1 Bh3 20. Nd4 Na5
21. Qb4 Qxb4 22. cxb4 Nc4 23. Rc2 h6 24. f3 exf3 25. exf3 Bf5 26. Rcc1 Bg6 27.
Nb3 1/2-1/2

[Event "DEM U12 2005"]
[Site "Willingen GER"]
[Date "2005.05.18"]
[Round "7"]
[White "Berchtenbreiter, Maximilian"]
[Black "März, Julian"]
[Result "1-0"]
[Termination "normal"]
[Board "23"]
[WhiteElo "1631"]
[BlackElo "1439"]
[PlyCount "83"]
[WhiteFideId "24641120"]
[BlackFideId "24646172"]
[EventCountry "GER"]
[EventRounds "11"]
[EventType "swiss"]
[EventDate "2005.05.15"]

1. e4 c5 2. c3 Nf6 3. e5 Nd5 4. d4 cxd4 5. cxd4 e6 6. Nc3 Nxc3 7. bxc3 d6 8.
Nf3 Qc7 9. Bd2 Nd7 10. exd6 Bxd6 11. Bd3 Nf6 12. O-O O-O 13. Qe2 b6 14. Rac1
Bb7 15. h3 Rac8 16. Bg5 Be7 17. Bb1 h6 18. Bh4 Nd5 19. Qd3 f5 20. Bxe7 Qxe7 21.
c4 Ba6 22. Qb3 Nf4 23. Rfe1 Ng6 24. c5 Rc6 25. d5 Rxc5 26. Rxc5 Qxc5 27. dxe6
Qe7 28. Nd4 Kh8 29. Nxf5 Qf6 30. Qa4 Ne7 31. f3 Bc8 32. Nxe7 Qxe7 33. Qe4 g5
34. Bc2 Bb7 35. Qd4+ Kg8 36. Qd3 Qc5+ 37. Kh1 Qe7 38. Qg6+ Kh8 39. Qxh6+ Kg8
40. Re5 Bxf3 41. Rxg5+ Qxg5 42. Qxg5+ 1-0

[Event "DEM U12 2005"]
[Site "Willingen GER"]
[Date "2005.05.18"]
[Round "7"]
[White "Lebek, Ricarda"]
[Black "Bräuer, Franz"]
[Result "0-1"]
[Termination "normal"]
[Board "24"]
[WhiteElo "1394"]
[BlackElo "1546"]
[PlyCount "98"]
[WhiteFideId "4624688"]
[BlackFideId "24634468"]
[EventCountry "GER"]
[EventRounds "11"]
[EventType "swiss"]
[EventDate "2005.05.15"]

1. e4 e5 2. Nf3 Nc6 3. d4 exd4 4. Nxd4 Nf6 5. Nxc6 bxc6 6. e5 Nd5 7. c4 Nb6 8.
Be2 Ba6 9. b3 Bb4+ 10. Bd2 Bxd2+ 11. Qxd2 Qe7 12. Qc3 O-O 13. Nd2 Rfe8 14. f4
d6 15. Nf3 Nd7 16. Qa5 dxe5 17. Qxa6 exf4 18. O-O Qc5+ 19. Kh1 Rxe2 20. Rad1
Qb6 21. Qxb6 Nxb6 22. Nd4 Rxa2 23. Rxf4 Rd8 24. Re1 h6 25. Nxc6 Rdd2 26. Rg1
Ra3 27. Rb1 Rxb3 28. Rbf1 f6 29. Nxa7 Rc3 30. Nb5 Rxc4 31. Rxc4 Nxc4 32. Nxc7
Ne3 33. Rg1 Rd1 34. Rxd1 Nxd1 35. Kg1 Kf7 36. g4 Ne3 37. h3 Nc2 38. Kf2 Nd4 39.
Ke3 Ne6 40. Nxe6 Kxe6 41. Kf4 g6 42. h4 Kd5 43. g5 hxg5+ 44. hxg5 f5 45. Ke3
Ke5 46. Kf3 f4 47. Kg4 Ke4 48. Kh3 Ke3 49. Kg2 f3+ 0-1

[Event "DEM U12 2005"]
[Site "Willingen GER"]
[Date "2005.05.18"]
[Round "7"]
[White "Lindner, Robert"]
[Black "Blübaum, Johanna"]
[Result "0-1"]
[Termination "normal"]
[Board "25"]
[WhiteElo "1391"]
[BlackElo "1542"]
[PlyCount "64"]
[WhiteFideId "24658847"]
[BlackFideId "24647373"]
[EventCountry "GER"]
[EventRounds "11"]
[EventType "swiss"]
[EventDate "2005.05.15"]

1. e4 e6 2. d4 d5 3. exd5 exd5 4. Bd3 c5 5. dxc5 Bxc5 6. Nf3 Nf6 7. O-O O-O 8.
Bg5 Qb6 9. Nc3 Qd6 10. Na4 Bb4 11. a3 Ba5 12. b4 Bc7 13. Bh4 Qc6 14. Nc5 Bg4
15. h3 Bh5 16. g4 Bg6 17. Nd4 Qb6 18. Nf5 Re8 19. Qd2 Nbd7 20. Nxd7 Nxd7 21.
Ne7+ Kf8 22. Nxd5 Qc6 23. Bb5 Qxb5 24. Nxc7 Qc6 25. Nxa8 Ne5 26. f4 Nf3+ 27.
Rxf3 Qxf3 28. Nc7 Be4 29. Rf1 Qh1+ 30. Kf2 Qg2+ 31. Ke1 Bd3+ 32. Nxe8 Qxf1# 0-1

[Event "DEM U12 2005"]
[Site "Willingen GER"]
[Date "2005.05.18"]
[Round "7"]
[White "Wapenhans, Martin"]
[Black "Müller, Tobias"]
[Result "1/2-1/2"]
[Termination "normal"]
[Board "26"]
[WhiteElo "1416"]
[BlackElo "1493"]
[PlyCount "73"]
[BlackFideId "24643394"]
[EventCountry "GER"]
[EventRounds "11"]
[EventType "swiss"]
[EventDate "2005.05.15"]

1. d4 d5 2. Nf3 c6 3. e3 Nf6 4. Bd3 e6 5. O-O Bd6 6. Nbd2 Nbd7 7. c3 O-O 8. e4
dxe4 9. Nxe4 Nxe4 10. Bxe4 h6 11. Kh1 Nf6 12. Bc2 Qc7 13. h3 b6 14. Re1 Bb7 15.
Ne5 c5 16. f4 Rfd8 17. Bb3 cxd4 18. cxd4 Bxe5 19. fxe5 Ne4 20. Kg1 Qc6 21. Qg4
Kh8 22. Be3 Rac8 23. Rac1 Qe8 24. Qf3 Nc5 25. Qd1 Nxb3 26. Qxb3 Rxc1 27. Rxc1
Rc8 28. Rxc8 Qxc8 29. Qc3 Qxc3 30. bxc3 Bd5 31. a3 Kg8 32. g3 Kf8 33. Kf2 Ke7
34. Ke2 b5 35. h4 f6 36. exf6+ Kxf6 37. Bf4 1/2-1/2

[Event "DEM U12 2005"]
[Site "Willingen GER"]
[Date "2005.05.18"]
[Round "7"]
[White "Brumme, Jan"]
[Black "Schätz, Annika"]
[Result "1-0"]
[Termination "normal"]
[Board "27"]
[WhiteElo "1487"]
[BlackElo "1386"]
[PlyCount "57"]
[BlackFideId "24674796"]
[EventCountry "GER"]
[EventRounds "11"]
[EventType "swiss"]
[EventDate "2005.05.15"]

1. e4 c5 2. d4 cxd4 3. c3 Nf6 4. e5 Nd5 5. cxd4 d6 6. Bc4 Be6 7. Qb3 dxe5 8.
Qxb7 Nb6 9. Bxe6 fxe6 10. dxe5 g6 11. Nf3 N8d7 12. O-O Bg7 13. Qc6 O-O 14.
Qxe6+ Kh8 15. Be3 Rc8 16. Nc3 Nc5 17. Qh3 Qd7 18. Qxd7 Nbxd7 19. Bd4 e6 20. Nb5
a6 21. Nd6 Rb8 22. Rac1 Nd3 23. Rc7 N7xe5 24. Nxe5 Bxe5 25. Bxe5+ Nxe5 26. Re1
Nd3 27. Rxe6 Rxb2 28. h3 Rbxf2 29. Ree7 1-0

[Event "DEM U12 2005"]
[Site "Willingen GER"]
[Date "2005.05.18"]
[Round "7"]
[White "Boos, Philipp"]
[Black "Wild, Katharina"]
[Result "1-0"]
[Termination "normal"]
[Board "28"]
[WhiteElo "1586"]
[BlackElo "1294"]
[PlyCount "63"]
[BlackFideId "24678015"]
[EventCountry "GER"]
[EventRounds "11"]
[EventType "swiss"]
[EventDate "2005.05.15"]

1. d4 d5 2. c4 c6 3. Nc3 e6 4. cxd5 cxd5 5. Bf4 Nc6 6. e3 Nf6 7. a3 Be7 8. Nf3
O-O 9. Bd3 a6 10. O-O Qb6 11. Na4 Qd8 12. Rc1 Bd7 13. b4 b5 14. Nc5 Ra7 15. Qc2
Bxc5 16. Qxc5 Ra8 17. Qc2 Rc8 18. Qb1 Qb6 19. Bd6 Rfd8 20. Bc5 Qb7 21. Rc3 Qb8
22. Rfc1 Re8 23. h3 h6 24. a4 a5 25. axb5 Nxb4 26. Bxb4 axb4 27. Qxb4 Qb7 28.
Ne5 Rb8 29. Nxd7 Qxd7 30. Rc7 Qd8 31. b6 Nd7 32. b7 1-0

[Event "DEM U12 2005"]
[Site "Willingen GER"]
[Date "2005.05.18"]
[Round "7"]
[White "Billing, Alexander"]
[Black "Lauer, Florian"]
[Result "1-0"]
[Termination "normal"]
[Board "29"]
[WhiteElo "1728"]
[BlackElo "1382"]
[PlyCount "95"]
[WhiteFideId "24624420"]
[BlackFideId "12910074"]
[EventCountry "GER"]
[EventRounds "11"]
[EventType "swiss"]
[EventDate "2005.05.15"]

1. e4 c5 2. Nc3 Nc6 3. g3 g6 4. d3 Bg7 5. Bg2 d6 6. Be3 Qa5 7. Qd2 Nd4 8. f4 e6
9. Nf3 Ne7 10. O-O O-O 11. Nd5 Qxd2 12. Nxe7+ Kh8 13. Bxd2 Bd7 14. c3 Nxf3+ 15.
Rxf3 Rfe8 16. f5 exf5 17. exf5 Rxe7 18. f6 Re2 19. fxg7+ Kxg7 20. Rf2 Rxf2 21.
Kxf2 Bf5 22. d4 Kf6 23. Bf4 cxd4 24. cxd4 Ke7 25. Re1+ Kd7 26. Bg5 Re8 27. Rxe8
Kxe8 28. Bxb7 Kd7 29. Bd5 Be6 30. Bxe6+ fxe6 31. Ke3 a6 32. Kd3 Kc6 33. Kc4 d5+
34. Kb4 Kb6 35. Bd8+ Kc6 36. Ka5 Kb7 37. Bb6 Kc6 38. Kxa6 Kd6 39. Bc5+ Kd7 40.
b4 h5 41. b5 g5 42. b6 e5 43. dxe5 d4 44. Bxd4 h4 45. b7 hxg3 46. hxg3 g4 47.
b8=Q Kc6 48. Qd6# 1-0

[Event "DEM U12 2005"]
[Site "Willingen GER"]
[Date "2005.05.18"]
[Round "7"]
[White "Kreiter, Thomas"]
[Black "Weber, Raphael"]
[Result "0-1"]
[Termination "normal"]
[Board "30"]
[WhiteElo "1312"]
[BlackElo "1721"]
[PlyCount "66"]
[WhiteFideId "24645591"]
[BlackFideId "24644110"]
[EventCountry "GER"]
[EventRounds "11"]
[EventType "swiss"]
[EventDate "2005.05.15"]

1. e4 e5 2. f4 Bc5 3. Nf3 d6 4. Nc3 Nf6 5. Bc4 O-O 6. d4 exd4 7. Nxd4 Re8 8.
Qd3 d5 9. Nde2 dxc4 10. Qxc4 Bb6 11. e5 Be6 12. Qd3 Qxd3 13. cxd3 Ng4 14. Ne4
Nc6 15. h3 Ne3 16. Bxe3 Bxe3 17. a3 Nd4 18. Nxd4 Bxd4 19. Rb1 Bd5 20. g4 f6 21.
exf6 Bxe4 22. dxe4 Rxe4+ 23. Kd2 Bxf6 24. Rhf1 Rd8+ 25. Kc2 Re2+ 26. Kb3 Rdd2
27. Rfc1 Rxb2+ 28. Rxb2 Rxb2+ 29. Kc4 Rh2 30. Kb4 Be7+ 31. Ka4 c6 32. Re1 Kf7
33. Re3 Ra2 0-1

[Event "DEM U12 2005"]
[Site "Willingen GER"]
[Date "2005.05.18"]
[Round "7"]
[White "Dorn, Carina"]
[Black "Gheng, Hannelore"]
[Result "0-1"]
[Termination "normal"]
[Board "31"]
[WhiteElo "1554"]
[BlackElo "1233"]
[PlyCount "96"]
[WhiteFideId "24666335"]
[EventCountry "GER"]
[EventRounds "11"]
[EventType "swiss"]
[EventDate "2005.05.15"]

1. d4 d5 2. c4 e6 3. Nc3 Nf6 4. Bg5 Be7 5. Nf3 O-O 6. e3 b6 7. Bd3 dxc4 8. Bxc4
Bb7 9. O-O c5 10. Qe2 h6 11. Bh4 Nbd7 12. Rfd1 cxd4 13. Nxd4 Qc7 14. Rac1 Rac8
15. Ncb5 Qb8 16. Bg3 Qa8 17. Nc7 Rxc7 18. Bxc7 Bxg2 19. Bg3 e5 20. f3 exd4 21.
Qxg2 dxe3 22. Bd6 Bxd6 23. Rxd6 Rc8 24. Rdd1 Ne5 25. Be2 Rd8 26. f4 Qxg2+ 27.
Kxg2 Rxd1 28. Rxd1 Neg4 29. Bxg4 Nxg4 30. h3 e2 31. Re1 Ne3+ 32. Kf3 Nc2 33.
Rxe2 Nd4+ 34. Ke3 Nxe2 35. Kxe2 f5 36. h4 Kf7 37. Kf3 Kf6 38. Kf2 g5 39. hxg5+
hxg5 40. Ke3 g4 41. Kd3 Ke6 42. Ke3 Kd5 43. Kd3 Kc5 44. a3 a5 45. b3 b5 46. a4
bxa4 47. bxa4 Kb4 48. Kd4 Kxa4 0-1

[Event "DEM U12 2005"]
[Site "Willingen GER"]
[Date "2005.05.18"]
[Round "7"]
[White "Mertens, Fridolin"]
[Black "Mirke, Roy"]
[Result "1-0"]
[Termination "normal"]
[Board "32"]
[WhiteElo "1443"]
[BlackElo "1549"]
[PlyCount "151"]
[WhiteFideId "24671940"]
[BlackFideId "24647306"]
[EventCountry "GER"]
[EventRounds "11"]
[EventType "swiss"]
[EventDate "2005.05.15"]

1. e4 d5 2. exd5 Qxd5 3. Nc3 Qa5 4. d4 c6 5. Bc4 Bf5 6. Nge2 e6 7. Ng3 Bg6 8.
O-O Ne7 9. Bf4 Nd5 10. Nxd5 cxd5 11. Bd3 Be7 12. Bxg6 hxg6 13. Qd3 O-O 14. Ne2
Nd7 15. c3 Rac8 16. Qg3 Nf6 17. Qh3 Qb5 18. Qe3 Rfd8 19. Qd2 Bd6 20. Bxd6 Rxd6
21. Ng3 Rb6 22. Rab1 Qa4 23. a3 Qc4 24. f4 Qc7 25. Rf3 Qe7 26. Re1 Qd7 27. Re2
Rcc6 28. Qd3 Rb3 29. h3 Rcb6 30. Rff2 Qb5 31. Qxb5 R6xb5 32. Kf1 Kf8 33. Ke1
Rb6 34. Rc2 a6 35. Rfd2 Ke7 36. Kd1 Kd7 37. Kc1 Ne8 38. Nf1 Nd6 39. Ne3 f6 40.
g4 f5 41. g5 Ne4 42. Rh2 Ng3 43. Rhg2 Nh5 44. Rcf2 Kd6 45. Nd1 Kd7 46. Rf3 Ke7
47. Rc2 Rc6 48. Nf2 Kd7 49. Nd3 Kc8 50. Kb1 Rbb6 51. Ne5 Rc7 52. Nxg6 Kd8 53.
Ne5 Ke7 54. g6 Nf6 55. h4 Ng8 56. h5 Nh6 57. Re2 Kf6 58. Nd3 Rxc3 59. Ka2 Rc4
60. Nc5 Ke7 61. Rfe3 Rxd4 62. Rxe6+ Rxe6 63. Rxe6+ Kd8 64. Nxb7+ Kc8 65. Re7
Rxf4 66. Rxg7 Rh4 67. Nd6+ Kb8 68. Rh7 Ng4 69. Nxf5 Rh2 70. g7 Nf6 71. Rh8+ Kc7
72. h6 Kd7 73. h7 Rxh7 74. Rxh7 Ke6 75. Rh6 Kxf5 76. Rxf6+ 1-0

[Event "DEM U12 2005"]
[Site "Willingen GER"]
[Date "2005.05.18"]
[Round "7"]
[White "Ohnmacht, Simon"]
[Black "Riabov, Igor"]
[Result "1-0"]
[Termination "normal"]
[Board "33"]
[WhiteElo "1516"]
[BlackElo "1380"]
[PlyCount "117"]
[WhiteFideId "24672980"]
[EventCountry "GER"]
[EventRounds "11"]
[EventType "swiss"]
[EventDate "2005.05.15"]

1. f4 d5 2. e3 Bf5 3. b3 Nf6 4. Bb2 e6 5. Nf3 Bd6 6. Be2 O-O 7. O-O Nbd7 8. Qe1
Ne8 9. d3 Qe7 10. Nbd2 Nc5 11. Kh1 f6 12. Nh4 c6 13. Nxf5 exf5 14. Rf3 Nc7 15.
Rh3 Rae8 16. Qh4 g6 17. Rf1 N7e6 18. Rff3 Rf7 19. Nf1 Nf8 20. Rfg3 h6 21. Bh5
Rh7 22. Bxg6 Nxg6 23. Rxg6+ Rg7 24. Rxg7+ Kxg7 25. Bxf6+ Qxf6 26. Rg3+ Kf7 27.
Qh5+ Ke7 28. Rg6 Qa1 29. Kg1 Bb8 30. Qxf5 Qh8 31. d4 Ne4 32. Qh3 Rg8 33. Qe6+
Kf8 34. Rxh6 Qg7 35. Qc8+ Kf7 36. Qxb7+ Kf8 37. Qxb8+ Kf7 38. Qxa7+ Kf8 39.
Qxg7+ Rxg7 40. Rxc6 Kg8 41. a4 Ra7 42. g4 Kf7 43. h4 Ra8 44. h5 Nf6 45. h6 Nxg4
46. h7 Rh8 47. Rc7+ Kg6 48. a5 Nf6 49. b4 Nxh7 50. b5 Nf6 51. a6 Ra8 52. a7 Ne8
53. Rc6+ Kf5 54. b6 Nf6 55. b7 Rxa7 56. b8=Q Rg7+ 57. Kf2 Ne4+ 58. Ke2 Rg2+ 59.
Ke1 1-0